000 01570nam a2200241 a 4500
001 000649265
003 AM-YeHGA
005 20250904141045.0
008 090408s1875 ru ||||| |||| 00| 0 rus d
040 _aAM-YeHGA
041 0 _arus
100 1 _aГолицын, Николай Сергеевич,
_d1809-1892
245 1 0 _aВеликие полководцы истории /
_cСост. кн. Н.С. Голицын, Ген. штаба ген.-лейт., чл. Воен.-учен. ком. Гл. штаба.
260 _aСанкт-Петербург :
_bТип. т-ва "Общественная польза",
_c1875-
300 _aчасть
505 0 0 _gЧ. 1 (1875; XXVIII, 390 с. : карт.) :
_tВеликие полководцы древних времен: Александр Великий, Аннибал и Юлий Цезарь ;
505 0 0 _gЧ. 2 (1875; XII, [2], 178 с., 3 вкл. л. портр., 6 вкл. слож. л. карт.) :
_tВеликие полководцы новых времен: Густав Адольф, Тюреннь и принц Евгений Савойский.
600 0 4 _aАннибал
_cполководец
_d247-183 до н. э.
600 0 4 _aГай Юлий Цезарь
_cимператор
_d100 или 102 до н. э.-44 года до н. э.
650 1 4 _aВооруженные силы, военные науки
740 0 2 _aВеликие полководцы новых времен: Густав-Адолф, Тюреннь и принц Евгений Савойский
942 _2udc
_cBK
999 _c534076
_d534076